| 000 | 00486nam a2200181Ia 4500 | ||
|---|---|---|---|
| 001 | 1430 | ||
| 005 | 20260306143728.0 | ||
| 008 | 260306t2010||||xx |||||||||||||| ||spa|| | ||
| 041 | _aESP | ||
| 082 |
_a150 _bS52 |
||
| 100 |
_aSiegel, Daniel J. _eAUT |
||
| 245 | 0 |
_aLa mente en desarrollo: _bcómo interactúan las relaciones y el cerebro para modelar nuestro ser |
|
| 260 | _c2010 | ||
| 300 |
_a535 páginas : _c21 cm. |
||
| 650 | _aGEN | ||
| 654 | _aCPS | ||
| 942 |
_cLIB _dJUS _fJUS _2ddc _n |
||
| 999 |
_c1430 _d1430 |
||